Germinación de semillas de Jacaranda copaia bajo condiciones contrastantes de luz (Registro nro. 15582)

Detalles MARC
000 -CABECERA
Campo de control 003540000a22001090004500
090 ## - CLASIFICACIÓN LOCAL
Colección As
Consecutivo Seriadas
041 0# - IDIOMA
Código de idioma para texto/pista de sonido o título separado
100 1# - ASIENTO PRINCIPAL--NOMBRE PERSONAL
Nombre personal Piedrahita Cardona, Edgar
245 10 - MENCION DE TITULO
Título Germinación de semillas de Jacaranda copaia bajo condiciones contrastantes de luz
773 1# - Item fuente:
Título Crónica Forestal y del Medio Ambiente
Descripción física 12
Paginas del Articulo 41-46
Lugar, editorial y fecha de publicación 1997
942 ## - ELEMENTOS ADICIONALES (KOHA)
Tipo de ítem Artículo

No hay ítems disponibles.